000
00372cam a2200181 4500
001
D12968
008
090401t1947 xxu||||| |||| 00| 0 eng d
035
_a
(Sirsi) u6898
041
_a
eng
100
_a
Hinks, A.R.
245
_a
Maps and survey
250
_a
5th
260
_b
CUP
_c
1947
350
_a
0
520
_a
Shelf 182
942
_n
0
948
_c
04/03/1997
999
_c
86367
_d
86367